TOP 10 Piosenek - Żabson - Statystyki

Ogólne statystyki
  • Ten quiz został rozwiązany 155 razy
  • Średni wynik to 5 z 10
Statystyki odpowiedzi
Numer Tytuł Album % Poprawnych
02. Sexoholik Ziomalski Mixtape
81%
01. Floyd Mayweather Internaziomal
71%
08. Icey amfisbena
52%
09. Polski Karnawał amfisbena
47%
04. Młody Boss Ziomalski Mixtape
43%
03. OBOK Ziomalski Mixtape
39%
05. DMT To ziomal
38%
07. ULALA Ziomalski Mixtape
37%
10. Small Town Boy Internaziomal
30%
06. Hood Angel Ziomalski Mixtape
28%
Nie znaleziono quizów pasujących do podanych kryteriów
Rozkład punktacji
Procent ludzi z każdym wynikiem
Percentyl według liczby udzielonych odpowiedzi
Twoja historia wyników
Nie rozwiązałeś tego quizu